000 00797nas a2200253 4500
001 BR4700069
003 BR-BrBNA
005 20231205081852.0
007 ta
008 230509b bl.|||p| |||| 00| 00por d
040 _aBR-BrBNA
_bpor
_cBiblioteca Nacional de Agricultura
041 _a(Pt)
072 _aE15
110 1 _aServico de Economia Rural, Rio de Janeiro, GB (Brasil)
_99315
245 1 _aCredito agricola na Argentina. O cooperativismo e a colonizacao
650 _aMicroeconomia
650 _aCooperativa de credito
650 _aCredito agricola
650 _aCredito cooperativo
650 _aArgentina
773 0 _tBoletim Sul-Coop. Cooperativismo (Brazil)
_x
_g(Aug 1947), v. 2(8) p. 23-24
_wBR4700069
909 _a202311
_bLúcia
_c55
_dLúcia Elande
942 _2AGRIS
_n0
_cANA
999 _c87449
_d87449